[Event "AUTO-ADV-3297"]
[Site "http://www.queenalice.com/game.php?id=1324490"]
[Date "2014.11.26"]
[Round "1"]
[White "FranciscoKunz"]
[Black "chiccogiancarlo"]
[Result "0-1"]
[WhiteElo "1708"]
[BlackElo "1925"]

1. e4 b6 2. d4 Bb7 3. d5 d6 4. Nf3 g6 5. Bc4 Bg7 6. O-O a6 7. Bg5 Bxb2 8. Nbd2
Bxa1 9. Qxa1 Nf6 10. Bxf6 exf6 11. Re1 Nd7 12. Nd4 O-O 13. Nc6 Bxc6 14. dxc6 Nc5
15. a4 Re8 16. Qa2 Re7 17. Nb3 Rxe4 18. Rxe4 Nxe4 19. Nd4 Qe7 20. f3 Nd2 21. Bf1
Qe3+ 22. Kh1 Qxd4 23. Bc4 Nxc4 24. Qb1 Re8 25. h3 Re2 26. Kh2 Qf4+ 27. Kg1 Qe3+
28. Kh2 Qf2 29. Qg1 Rxc2 30. Qxf2 Rxf2 31. Kg3 Ra2 32. h4 Na5 0-1

[Event "AUTO-ADV-3297"]
[Site "http://www.queenalice.com/game.php?id=1324491"]
[Date "2014.11.26"]
[Round "1"]
[White "chiccogiancarlo"]
[Black "FranciscoKunz"]
[Result "1-0"]
[WhiteElo "1920"]
[BlackElo "1661"]

1. b3 e5 2. Bb2 e4 3. e3 d5 4. g3 Nf6 5. Bg2 Bc5 6. Ne2 O-O 7. a3 Bf5 8. b4 Bb6
9. O-O Qd7 10. d3 exd3 11. cxd3 Nc6 12. Bxf6 gxf6 13. d4 Bh3 14. Nbc3 a6 15. Na4
Bxg2 16. Kxg2 Ba7 17. Nc5 Qc8 18. Nf4 Bxc5 19. bxc5 b6 20. cxb6 cxb6 21. Nxd5
Qd8 22. Qf3 Kh8 23. Nxf6 Ne7 24. Qh5 Kg7 25. Ng4 Qd5+ 26. Qxd5 Nxd5 27. Ne5 f6
28. Nd3 Rac8 29. Rfc1 Nc3 30. Kf1 Nb5 31. a4 Rxc1+ 32. Rxc1 Na7 33. Rc7+ Rf7 34.
Rxf7+ Kxf7 35. Ke2 Ke6 36. Nb2 Kd5 37. Kd3 b5 38. axb5 axb5 39. e4+ Kd6 40. Nd1
b4 41. Ne3 Nc6 42. Nc4+ Kc7 43. f4 h5 44. h3 b3 45. g4 h4 46. d5 Ne5+ 47. fxe5
fxe5 48. Kc3 b2 49. Kxb2 Kd7 50. Nxe5+ Ke7 51. Ng6+ Kd6 52. Nxh4 Ke5 53. Kc3
Kxe4 54. d6 1-0

[Event "AUTO-ADV-3297"]
[Site "http://www.queenalice.com/game.php?id=1324492"]
[Date "2014.11.26"]
[Round "1"]
[White "FranciscoKunz"]
[Black "eslearai"]
[Result "0-1"]
[WhiteElo "1717"]
[BlackElo "1948"]

1. e4 c5 2. Bc4 e5 3. Qh5 Qf6 4. d3 g6 5. Qf3 Qxf3 6. Nxf3 d6 7. Ng5 h6 8. Bxf7+
Ke7 9. Bxg8 Rxg8 10. Nf3 Nc6 11. Nc3 Nd4 12. Nxd4 cxd4 13. Nd5+ Kd8 14. O-O g5
15. b3 Be6 16. Nf6 Rg6 17. Nh7 Be7 18. a4 Rg7 19. Nxg5 Bxg5 20. Bxg5+ Rxg5 21.
g3 Rc8 22. Ra2 Bh3 23. Re1 h5 24. Kh1 Kd7 25. Rg1 Rf8 26. Raa1 Rxf2 27. Rac1 Bg4
28. Rg2 Bf3 29. Kg1 Rxg2+ 0-1

[Event "AUTO-ADV-3297"]
[Site "http://www.queenalice.com/game.php?id=1324493"]
[Date "2014.11.26"]
[Round "1"]
[White "eslearai"]
[Black "FranciscoKunz"]
[Result "1-0"]
[WhiteElo "1929"]
[BlackElo "1666"]

1. e4 e5 2. Nf3 Nc6 3. Bc4 h6 4. Nc3 Nf6 5. d3 Bb4 6. O-O Bxc3 7. bxc3 O-O 8.
Ba3 d6 9. h3 a6 10. Rb1 b5 11. Bd5 Nxd5 12. exd5 Ne7 13. Re1 Nxd5 14. Qd2 Qf6
15. Re2 Qg6 16. Re4 Bxh3 17. g3 Nf4 18. Nh4 Qg5 19. Kh2 f5 20. Rxf4 exf4 21.
Kxh3 Qh5 22. Kg2 g5 23. Nf3 g4 24. Nh4 f3+ 25. Kh2 Rfe8 26. Re1 Rxe1 27. Qxe1
Re8 28. Qb1 Re2 29. Qb3+ Kf8 30. Kg1 f4 31. Qb4 Re1+ 32. Kh2 fxg3+ 33. fxg3 f2
34. Qf4+ Ke7 35. Qxf2 Qe5 36. Ng6+ Kd7 37. Nxe5+ dxe5 38. Qxe1 1-0

[Event "Challenge"]
[Site "http://www.queenalice.com/game.php?id=1329617"]
[Date "2014.12.21"]
[Round "-"]
[White "SubRoger"]
[Black "FranciscoKunz"]
[Result "1-0"]
[WhiteElo "2106"]
[BlackElo "1710"]

1. f4 d5 2. d4 e6 3. Nf3 Bd6 4. e3 Nf6 5. Bd3 Ne4 6. O-O O-O 7. Nbd2 f5 8. Ne5
Bxe5 9. fxe5 Nxd2 10. Bxd2 Nc6 11. c3 b6 12. Rf3 h6 13. Qe2 a5 14. Kh1 Ne7 15.
Rg1 g5 16. Rh3 Kh7 17. Qh5 Ng8 18. g4 Kh8 19. gxf5 exf5 20. Rxg5 1-0

[Event "Challenge"]
[Site "http://www.queenalice.com/game.php?id=1329618"]
[Date "2014.12.21"]
[Round "-"]
[White "FranciscoKunz"]
[Black "AAABBB"]
[Result "0-1"]
[WhiteElo "1723"]
[BlackElo "2708"]

1. e4 g6 2. d4 Bg7 3. e5 d6 4. Nc3 dxe5 5. dxe5 Qxd1+ 6. Nxd1 Bxe5 7. Nf3 Bd6 8.
Bc4 h6 9. O-O Nf6 10. Bxh6 Rxh6 11. Ne3 Nc6 12. Nd5 Bg4 13. Nxf6+ exf6 14. Rfe1+
Kf8 15. h3 Bxf3 16. gxf3 Rxh3 17. Kf1 Rh1+ 18. Ke2 Re8+ 0-1

[Event "AUTO-ADV-3318"]
[Site "http://www.queenalice.com/game.php?id=1329902"]
[Date "2014.12.22"]
[Round "1"]
[White "pacou93"]
[Black "FranciscoKunz"]
[Result "1-0"]
[WhiteElo "1771"]
[BlackElo "1655"]

1. e4 e5 2. Nf3 Nc6 3. d4 d6 4. dxe5 Nxe5 5. Nxe5 dxe5 6. Qxd8+ Kxd8 7. Bc4 f6
8. O-O Ne7 9. Nc3 Bg4 10. f3 Bd7 11. f4 exf4 12. Bxf4 Nc6 13. Rad1 g5 14. Bg3
Nb8 15. Rxf6 Bg7 16. Rf7 Bxc3 17. bxc3 b5 18. Bxb5 c6 19. Bxc6 Nxc6 20. Rdxd7+
Ke8 21. Rxh7 Rxh7 22. Rxh7 Rd8 23. Rh8+ Ke7 24. Rxd8 Kxd8 25. Kf2 Nd4 26. cxd4
Ke7 27. Kf3 Ke6 28. h4 gxh4 29. Bxh4 a5 30. Kf4 a4 31. g4 Kd6 32. c4 Kc6 33. g5
Kd7 34. Kf5 Ke7 35. g6+ Kf8 36. Ke6 Kg8 37. Bf6 Kf8 38. g7+ Kg8 39. c5 Kh7 40.
c6 Kg8 41. c7 Kh7 42. c8=Q Kg6 43. g8=Q+ Kh5 44. Qg5# 1-0

[Event "AUTO-ADV-3318"]
[Site "http://www.queenalice.com/game.php?id=1329903"]
[Date "2014.12.22"]
[Round "1"]
[White "FranciscoKunz"]
[Black "pacou93"]
[Result "0-1"]
[WhiteElo "1701"]
[BlackElo "1639"]

1. e4 e5 2. Nf3 f5 3. exf5 e4 4. Nd4 d5 5. Nc3 Nf6 6. g4 c5 7. Nde2 d4 8. Nb5
Nxg4 9. d3 Bxf5 10. h3 Ne5 11. Bf4 Nbc6 12. Bxe5 Nxe5 13. Qd2 e3 14. fxe3 Nf3+
15. Kd1 Nxd2 16. Kxd2 Qa5+ 0-1

[Event "AUTO-ADV-3318"]
[Site "http://www.queenalice.com/game.php?id=1329916"]
[Date "2014.12.22"]
[Round "1"]
[White "FranciscoKunz"]
[Black "ribeiro"]
[Result "0-1"]
[WhiteElo "1688"]
[BlackElo "1688"]

1. e4 e5 2. Nf3 Nc6 3. Bb5 d6 4. Bxc6+ bxc6 5. O-O Bg4 6. h3 Bxf3 7. Qxf3 Be7 8.
Nc3 Nf6 9. d3 O-O 10. a3 d5 11. exd5 cxd5 12. Bg5 c6 13. Qg3 d4 14. Ne4 Nxe4 15.
Qxe5 Nxg5 16. Rfe1 Bf6 17. Qg3 Qa5 18. f4 Ne6 19. f5 Qxf5 20. Rf1 Qg6 21. Qd6
Rad8 22. Qxc6 Qg3 23. Rf3 Qb8 24. b4 Rc8 25. Qe4 Rxc2 26. Qg4 Be5 27. Re1 Qc7
28. Qf5 Bf4 29. Re4 Bh2+ 30. Kf1 Rc1+ 31. Re1 Rxe1+ 32. Kxe1 Qc1+ 33. Ke2 Qxa3
34. g4 Nf4+ 35. Rxf4 Bxf4 36. Qxf4 Qxb4 37. h4 Re8+ 38. Kf3 Re3+ 39. Kf2 Qd2+
40. Kg1 Re1+ 41. Qf1 Rxf1+ 42. Kxf1 Qxd3+ 43. Kf2 Qe3+ 44. Kg2 d3 45. g5 d2 0-1

[Event "AUTO-ADV-3318"]
[Site "http://www.queenalice.com/game.php?id=1329917"]
[Date "2014.12.22"]
[Round "1"]
[White "ribeiro"]
[Black "FranciscoKunz"]
[Result "1-0"]
[WhiteElo "1688"]
[BlackElo "1670"]

1. f4 d5 2. e3 d4 3. Qe2 Nf6 4. Nf3 c5 5. Qb5+ Nbd7 6. exd4 Qb6 7. c3 Qxb5 8.
Bxb5 a6 9. Be2 cxd4 10. cxd4 Nd5 11. Bc4 Nxf4 12. O-O b5 13. Bb3 Nd3 14. Ng5
Nxc1 15. Bxf7+ Kd8 16. Ne6# 1-0

[Event "AUTO-ADV-3318"]
[Site "http://www.queenalice.com/game.php?id=1329918"]
[Date "2014.12.22"]
[Round "1"]
[White "FranciscoKunz"]
[Black "Canaye"]
[Result "0-1"]
[WhiteElo "1737"]
[BlackElo "1870"]

1. e4 e6 2. d4 d5 3. e5 c5 4. c3 Nc6 5. Bb5 cxd4 6. Bxc6+ bxc6 7. cxd4 Qb6 8. b3
Ba6 9. Ne2 Bb4+ 10. Bd2 Ne7 11. O-O Bxe2 12. Qxe2 Qxd4 13. Bxb4 Qxb4 14. Nd2 O-O
15. a3 Qb8 16. b4 Ng6 17. Rfc1 Nxe5 18. f4 Qb6+ 19. Kh1 Ng6 20. Rc3 Nxf4 21. Qg4
Qd4 22. Rg3 Qxa1+ 0-1

[Event "AUTO-ADV-3318"]
[Site "http://www.queenalice.com/game.php?id=1329919"]
[Date "2014.12.22"]
[Round "1"]
[White "Canaye"]
[Black "FranciscoKunz"]
[Result "1-0"]
[WhiteElo "1912"]
[BlackElo "1726"]

1. d4 d5 2. c4 e6 3. Nc3 c6 4. cxd5 cxd5 5. Bf4 Nc6 6. e3 Bb4 7. Bd3 Bxc3+ 8.
bxc3 Nf6 9. h3 O-O 10. Qc2 Qa5 11. Ne2 g6 12. h4 Nh5 13. Bh6 Re8 14. g4 Nf6 15.
h5 gxh5 16. gxh5 e5 17. O-O-O exd4 18. Rdg1+ Bg4 19. Bxh7+ Nxh7 20. Rxg4+ Kh8
21. Bg7+ Kg8 22. Bxd4+ Kf8 23. Bg7+ Kg8 24. Bf6+ Kf8 25. Qxh7 Qa3+ 26. Kb1 1-0

[Event "AUTO-INT-2922"]
[Site "http://www.queenalice.com/game.php?id=1352173"]
[Date "2015.4.7"]
[Round "2"]
[White "roli68"]
[Black "FranciscoKunz"]
[Result "1-0"]
[WhiteElo "1535"]
[BlackElo "1642"]

1. e4 e5 2. d4 c6 3. dxe5 Qa5+ 4. Bd2 Qxe5 5. Nc3 Bb4 6. f3 d5 7. f4 Qe6 8. e5
d4 9. Na4 Bxd2+ 10. Qxd2 b5 11. Nc5 Qd5 12. b4 a5 13. Nf3 axb4 14. Qxb4 Na6 15.
Nxa6 Bxa6 16. Nxd4 Ne7 17. h4 Qe4+ 18. Kd1 Qxf4 19. Qc5 Qg4+ 20. Nf3 Rd8+ 21.
Kc1 Qf4+ 22. Kb2 1-0

[Event "AUTO-INT-2922"]
[Site "http://www.queenalice.com/game.php?id=1352174"]
[Date "2015.4.7"]
[Round "2"]
[White "FranciscoKunz"]
[Black "roli68"]
[Result "0-1"]
[WhiteElo "1622"]
[BlackElo "1555"]

1. e4 d5 2. e5 d4 3. Nf3 e6 4. c3 Nc6 5. Qa4 Bd7 6. Bb5 a6 7. Bxc6 Bxc6 8. Qxd4
Qxd4 9. Nxd4 Bxg2 10. Rg1 Bh3 11. d3 c5 12. Rg3 Bf5 13. Nxf5 exf5 14. Bf4 h6 15.
Na3 g5 16. Bd2 f4 17. Rf3 Ne7 18. O-O-O Nc6 19. Re1 h5 20. Nc4 O-O-O 21. e6 f6
0-1

[Event "AUTO-INT-2922"]
[Site "http://www.queenalice.com/game.php?id=1352181"]
[Date "2015.4.7"]
[Round "2"]
[White "FranciscoKunz"]
[Black "Corvidae"]
[Result "0-1"]
[WhiteElo "1672"]
[BlackElo "1875"]

1. e4 c5 2. Bc4 Nc6 3. Nc3 Nf6 4. d3 e6 5. Bg5 Be7 6. Nf3 a6 7. e5 Ng8 8. Ne4 f6
9. exf6 gxf6 10. Bh4 d5 11. Nxf6+ Bxf6 12. Bxf6 Qxf6 13. Bb3 Nge7 14. O-O Nf5
15. g3 Ncd4 16. Nxd4 Nxd4 17. c3 Nf3+ 18. Kh1 b5 19. a4 Bb7 20. axb5 axb5 21.
Rxa8+ Bxa8 22. Qa1 O-O 23. c4 dxc4 24. dxc4 Nd2+ 25. Kg1 Qf3 26. Qxa8 Rxa8 27.
Re1 Nxb3 28. Rxe6 Ra1+ 29. Re1 Rxe1# 0-1

[Event "AUTO-INT-2922"]
[Site "http://www.queenalice.com/game.php?id=1352182"]
[Date "2015.4.7"]
[Round "2"]
[White "Corvidae"]
[Black "FranciscoKunz"]
[Result "1-0"]
[WhiteElo "1912"]
[BlackElo "1647"]

1. d4 d5 2. c4 e6 3. Nc3 c6 4. e3 Nf6 5. Nf3 Bb4 6. Bd2 Bxc3 7. Bxc3 Ne4 8. Qc2
Nxc3 9. Qxc3 O-O 10. Bd3 Qf6 11. Qc2 Na6 12. a3 dxc4 13. Bxc4 Nc7 14. O-O b5 15.
Bd3 Bb7 16. Bxh7+ Kh8 17. Be4 Nd5 18. Bxd5 cxd5 19. Ne5 Rac8 20. Qd2 Rc6 21.
Nxc6 Bxc6 22. Rac1 Rc8 23. Qa5 Qe7 24. f4 f6 25. Rc2 Qc7 26. Qb4 a5 27. Qe1 a4
28. Qh4+ Kg8 29. Rfc1 Qd7 30. Qe1 Qe8 31. Rc5 e5 32. fxe5 fxe5 33. dxe5 Bd7 34.
Rxd5 Rxc1 35. Qxc1 Be6 36. Rc5 Qd7 37. e4 Qd4+ 38. Kh1 Bc4 39. Rc8+ Kh7 40. h3
Qxe4 41. Qd1 Qxe5 42. Qg4 Qe1+ 43. Kh2 Qe5+ 44. Qg3 Qf6 45. Rc5 Qd8 46. Rc7 1-0

[Event "Challenge"]
[Site "http://www.queenalice.com/game.php?id=1355362"]
[Date "2015.4.23"]
[Round "-"]
[White "FranciscoKunz"]
[Black "rpalmero"]
[Result "0-1"]
[WhiteElo "1664"]
[BlackElo "1846"]

1. e4 c5 2. Bc4 e6 3. Nf3 a6 4. d3 b5 5. Bb3 Nc6 6. O-O Qc7 7. g3 Nf6 8. Be3 Bb7
9. c4 bxc4 10. Bxc4 Bd6 11. Nc3 Ng4 12. Qd2 h5 0-1

[Event "Challenge"]
[Site "http://www.queenalice.com/game.php?id=1355363"]
[Date "2015.4.23"]
[Round "-"]
[White "rpalmero"]
[Black "FranciscoKunz"]
[Result "1-0"]
[WhiteElo "1855"]
[BlackElo "1655"]

1. c4 e5 2. e3 Nf6 3. Nc3 Bb4 4. Qc2 O-O 5. a3 Bxc3 6. bxc3 d6 7. d4 exd4 8.
cxd4 b6 9. Bb2 Qd7 10. Bd3 g6 11. d5 c5 12. Bxf6 Qc7 13. h4 1-0

[Event "Challenge"]
[Site "http://www.queenalice.com/game.php?id=1365200"]
[Date "2015.6.12"]
[Round "-"]
[White "FranciscoKunz"]
[Black "SubRoger"]
[Result "0-1"]
[WhiteElo "1636"]
[BlackElo "2100"]

1. d4 d5 2. e4 dxe4 3. Nc3 e5 4. dxe5 Qxd1+ 5. Nxd1 Nc6 6. Bb5 Bd7 7. Bxc6 Bxc6
8. f3 O-O-O 9. c4 Bb4+ 10. Nc3 Bxc3+ 11. bxc3 Ne7 12. Ne2 exf3 13. gxf3 Bxf3 14.
Rf1 Bh5 15. Nf4 Bg6 16. Nxg6 fxg6 17. Be3 Nf5 18. Bxa7 Rhe8 19. Kf2 Rxe5 0-1

[Event "Challenge"]
[Site "http://www.queenalice.com/game.php?id=1365201"]
[Date "2015.6.12"]
[Round "-"]
[White "SubRoger"]
[Black "FranciscoKunz"]
[Result "1-0"]
[WhiteElo "2098"]
[BlackElo "1638"]

1. f4 d5 2. d4 f5 3. e3 e6 4. Nf3 Nf6 5. Bd3 Nc6 6. c3 Bd6 7. O-O O-O 8. Qe2 b6
9. Nbd2 Bb7 10. Ne5 Ne4 11. Ndf3 Qe7 12. Nxc6 Bxc6 13. Ne5 Bxe5 14. fxe5 Qg5 15.
Rf3 a6 16. Bxe4 1-0